[Event "TUR-chT Clubs"]
[Site "Konya"]
[Date "2019.07.19"]
[Round "6.3"]
[White "Cakir, Ege"]
[Black "Kara, Ali Barkin"]
[Result "1-0"]
[WhiteElo "1765"]
[BlackElo "1749"]
[PlyCount "51"]
[EventDate "2019.07.16"]
[EventType "team-swiss"]
[EventRounds "9"]
[EventCountry "TUR"]
[SourceTitle "CBM 191 Extra"]
[Source "ChessBase"]
[SourceDate "2019.09.30"]
[SourceVersion "1"]
[SourceVersionDate "2019.09.30"]
[SourceQuality "1"]
[WhiteTeam "Deniz Genclik"]
[BlackTeam "Goztepe Dernegi"]
[WhiteTeamCountry "TUR"]
[BlackTeamCountry "TUR"]

1. d4 Nf6 2. Nf3 g6 3. c4 c5 4. d5 b5 5. cxb5 a6 6. bxa6 Bg7 7. Nc3 Bxa6 8. e4 Bxf1 9. Kxf1 d6 10. g3 0-0 11. Kg2 Nbd7 12. h3 Ra6 13. Qe2 Qa8 14. Rb1 Rb6 15. Qc2 e6 16. Rd1 Re8 17. a3 exd5 18. exd5 Ne5 19. Nxe5 Rxe5 20. Qd3 Rb3 21. Qc4 Rxc3 22. bxc3 Rxd5 23. Rxd5 Nxd5 24. Kh2 Nxc3 25. Rb3 Ne4 26. Qd5 1-0

[Event "TUR-chT Clubs"]
[Site "Konya"]
[Date "2019.07.17"]
[Round "2.5"]
[White "Sancar, Alperen"]
[Black "Kara, Ali Barkin"]
[Result "0-1"]
[WhiteElo "1479"]
[BlackElo "1749"]
[PlyCount "102"]
[EventDate "2019.07.16"]
[EventType "team-swiss"]
[EventRounds "9"]
[EventCountry "TUR"]
[SourceTitle "CBM 191 Extra"]
[Source "ChessBase"]
[SourceDate "2019.09.30"]
[SourceVersion "1"]
[SourceVersionDate "2019.09.30"]
[SourceQuality "1"]
[WhiteTeam "Yalova Beyaz Fil"]
[BlackTeam "Goztepe Dernegi"]
[WhiteTeamCountry "TUR"]
[BlackTeamCountry "TUR"]

1. d4 Nf6 2. Bf4 b6 3. e3 Bb7 4. Nf3 Nh5 5. Bg3 Nxg3 6. hxg3 e6 7. Nbd2 Be7 8. Bd3 h6 9. c3 d5 10. Ne5 a6 11. Qh5 0-0 12. 0-0-0 Nd7 13. Ndf3 Nf6 14. Qh3 c5 15. Ng5 Ne4 16. Bxe4 dxe4 17. Nxe6 Qd6 18. Nxf8 Rxf8 19. Qd7 cxd4 20. Qxd6 Bxd6 21. cxd4 Re8 22. Ng4 f5 23. Nh2 Bd5 24. Kb1 b5 25. Nf1 a5 26. Nd2 a4 27. Rc1 Kf7 28. Rc2 Ke7 29. b3 axb3 30. Nxb3 Bc4 31. Nc5 Bxc5 32. dxc5 Bd3 33. Rhc1 Kd7 34. Kb2 Bxc2 35. Rxc2 Kc6 36. Rd2 Re7 37. Rc2 Re5 38. a3 Rd5 39. Kb3 Rd1 40. Kb4 Rb1+ 41. Kc3 Kxc5 42. Kd2+ Kd6 43. Ke2 Rb3 44. Ra2 Rd3 45. Rd2 Rd5 46. Rxd5+ Kxd5 47. Kd2 Kc4 48. Kc2 h5 49. f3 g5 50. f4 g4 51. Kd2 Kb3 0-1

[Event "Kesan op 16th"]
[Site "Kesan"]
[Date "2018.08.13"]
[Round "3"]
[White "Iskandarov, Misratdin"]
[Black "Kara, Ali Barkin"]
[Result "1-0"]
[WhiteElo "2486"]
[BlackElo "1729"]
[PlyCount "83"]
[EventDate "2018.08.12"]
[EventType "swiss"]
[EventRounds "9"]
[EventCountry "TUR"]
[SourceTitle "CBM 186 Extra"]
[Source "ChessBase"]
[SourceDate "2018.08.24"]
[SourceVersion "1"]
[SourceVersionDate "2018.08.24"]
[SourceQuality "1"]

1. e4 c5 2. Nf3 d6 3. Nc3 e5 4. Bc4 Be7 5. d3 Nf6 6. Nd2 Bg4 7. f3 Be6 8. Nf1 0-0 9. Ne3 Nc6 10. a4 Nd4 11. 0-0 Nd7 12. Ncd5 Nb6 13. Ba2 Nxd5 14. Bxd5 Rb8 15. c3 Nc6 16. Nc4 Na5 17. Nxa5 Qxa5 18. Bxe6 fxe6 19. Qb3 Rf6 20. Bg5 Rf7 21. Be3 Rf6 22. f4 Qb6 23. Qxb6 axb6 24. fxe5 Rxf1+ 25. Kxf1 dxe5 26. Ke2 Ra8 27. c4 Bd6 28. Bd2 Kf7 29. Rf1+ Ke7 30. Bg5+ Ke8 31. b3 h6 32. Bd2 Ke7 33. g4 Rf8 34. Rg1 g5 35. h4 Kf6 36. hxg5+ hxg5 37. Rf1+ Kg6 38. Rxf8 Bxf8 39. a5 bxa5 40. Bxa5 Kf6 41. Bd8+ Be7 42. Bc7 1-0

[Event "Kesan op 16th"]
[Site "Kesan"]
[Date "2018.08.13"]
[Round "2"]
[White "Kara, Ali Barkin"]
[Black "Aliakbarov, Anar Samir Oglu"]
[Result "1/2-1/2"]
[WhiteElo "1729"]
[BlackElo "2376"]
[PlyCount "46"]
[EventDate "2018.08.12"]
[EventType "swiss"]
[EventRounds "9"]
[EventCountry "TUR"]
[SourceTitle "CBM 186 Extra"]
[Source "ChessBase"]
[SourceDate "2018.08.24"]
[SourceVersion "1"]
[SourceVersionDate "2018.08.24"]
[SourceQuality "1"]

1. e4 e5 2. Nf3 Nf6 3. Nxe5 d6 4. Nc4 Nxe4 5. Qe2 Qe7 6. Ne3 c6 7. b3 Qf6 8. c3 Be7 9. Bb2 0-0 10. d3 Nc5 11. d4 Ne6 12. g3 b6 13. Bg2 Ba6 14. Qf3 d5 15. Nd2 Nd7 16. Qxf6 Bxf6 17. 0-0-0 Bd3 18. Rhe1 Rac8 19. Ndf1 Ba6 20. Kb1 g6 21. f4 Rfe8 22. Ng4 Bg7 23. Nfe3 f5 1/2-1/2

[Event "TUR Cup										"]
[Site "Antalya"]
[Date "2018.02.02"]
[Round "10"]
[White "Kara, Ali Barkin"]
[Black "Araboga, Mesut"]
[Result "1-0"]
[WhiteElo "1945"]
[BlackElo "1672"]
[PlyCount "73"]
[EventDate "2018.01.27"]
[EventType "swiss"]
[EventRounds "11"]
[EventCountry "TUR"]
[SourceTitle "CBM 182 Extra"]
[Source "ChessBase"]
[SourceDate "2018.02.23"]
[SourceVersion "1"]
[SourceVersionDate "2018.02.23"]
[SourceQuality "1"]

1. e4 e5 2. Nf3 Nc6 3. d4 exd4 4. Bc4 Nf6 5. e5 d5 6. Bb5 Ne4 7. Nxd4 Bd7 8. Bxc6 bxc6 9. 0-0 Bc5 10. f3 Ng5 11. Be3 Bb6 12. Qd2 h6 13. Nb3 Qe7 14. Bxb6 cxb6 15. Nc3 0-0 16. Rae1 Bf5 17. Nd4 Qd7 18. Nxf5 Qxf5 19. f4 Ne6 20. Ne2 Qe4 21. c3 Qc4 22. b3 Qc5+ 23. Kh1 Rad8 24. f5 Ng5 25. f6 Ne4 26. Qf4 g5 27. Qf5 Rfe8 28. Rf3 Qf8 29. Ng3 Nc5 30. Qg4 Nd7 31. Rf5 Re6 32. Re3 Rde8 33. Rxg5+ hxg5 34. Qxg5+ Kh7 35. Nf5 Rxf6 36. Rh3+ Rh6 37. Rxh6+ 1-0

[Event "TUR Cup										"]
[Site "Antalya"]
[Date "2018.01.29"]
[Round "4"]
[White "Kara, Ali Barkin"]
[Black "Esti, Kubra Selenay"]
[Result "1-0"]
[WhiteElo "1945"]
[BlackElo "1587"]
[PlyCount "55"]
[EventDate "2018.01.27"]
[EventType "swiss"]
[EventRounds "11"]
[EventCountry "TUR"]
[SourceTitle "CBM 182 Extra"]
[Source "ChessBase"]
[SourceDate "2018.02.23"]
[SourceVersion "1"]
[SourceVersionDate "2018.02.23"]
[SourceQuality "1"]

1. e4 g6 2. d4 Bg7 3. Nc3 d6 4. Nge2 e6 5. g3 Ne7 6. Bg2 Nd7 7. 0-0 0-0 8. f4 c6 9. a4 f5 10. e5 dxe5 11. dxe5 Nd5 12. Nxd5 cxd5 13. Be3 Re8 14. Rc1 b5 15. axb5 Nb6 16. b3 Rb8 17. c4 dxc4 18. bxc4 Bb7 19. Bxb7 Rxb7 20. Qxd8 Rxd8 21. Nd4 Kf7 22. Nc6 Rd3 23. Kf2 Bf8 24. Ke2 Rdd7 25. Rc2 Na4 26. Ra1 Nc5 27. Rca2 Nb3 28. Rxa7 1-0

[Event "Cubuk op 3rd"]
[Site "Cubuk"]
[Date "2017.08.20"]
[Round "2"]
[White "Mgeladze, Tamaz"]
[Black "Kara, Ali Barkin"]
[Result "1/2-1/2"]
[WhiteElo "2328"]
[BlackElo "1863"]
[PlyCount "101"]
[EventDate "2017.08.19"]
[EventType "swiss"]
[EventRounds "9"]
[EventCountry "TUR"]
[SourceTitle "CBM 180 Extra"]
[Source "ChessBase"]
[SourceDate "2017.10.06"]
[SourceVersion "1"]
[SourceVersionDate "2017.10.06"]
[SourceQuality "1"]

1. c4 e5 2. g3 Nf6 3. Bg2 Bc5 4. Nc3 Nc6 5. d3 h6 6. Nf3 d6 7. 0-0 a6 8. a3 Ba7 9. b4 0-0 10. Be3 Nd4 11. Bxd4 exd4 12. Nd5 c6 13. Nxf6+ Qxf6 14. a4 Bf5 15. Qb3 Rfe8 16. Rfe1 Re7 17. Nd2 Rae8 18. Ne4 Qe6 19. b5 Qd7 20. Bf3 d5 21. cxd5 cxd5 22. Nd2 Re5 23. bxa6 bxa6 24. Rab1 R8e7 25. Rb2 g5 26. Nf1 g4 27. Bg2 a5 28. Qc2 Qe8 29. Qb3 Qd7 30. Qa3 Qc7 31. Rb5 Rxe2 32. Rxe2 Rxe2 33. Bxd5 Bg6 34. Bc4 Qd8 35. Rb2 Bc5 36. Qa2 Re1 37. Re2 Rxe2 38. Qxe2 h5 39. Nd2 Qf6 40. Bd5 Kg7 41. Nc4 Bb4 42. Kf1 Qg5 43. Be4 f5 44. f4 gxf3 45. Bxf3 f4 46. h4 Qxg3 47. Qe5+ Kh7 48. Be4 Qe1+ 49. Kg2 Qg3+ 50. Kf1 Qe1+ 51. Kg2 1/2-1/2

[Event "Troya op 25th"]
[Site "Canakkale"]
[Date "2017.08.08"]
[Round "2"]
[White "Grigoriev, A."]
[Black "Kara, Ali Barkin"]
[Result "1-0"]
[WhiteElo "2160"]
[BlackElo "1863"]
[PlyCount "79"]
[EventDate "2017.08.07"]
[EventType "swiss"]
[EventRounds "9"]
[EventCountry "TUR"]
[SourceTitle "CBM 179 Extra"]
[Source "ChessBase"]
[SourceDate "2017.08.23"]
[SourceVersion "1"]
[SourceVersionDate "2017.08.23"]
[SourceQuality "1"]

1. d4 Nf6 2. Nf3 c5 3. g3 b6 4. d5 Bb7 5. Nc3 d6 6. Bg2 g6 7. 0-0 Bg7 8. e4 0-0 9. a4 a6 10. Nd2 e6 11. Nc4 Ne8 12. dxe6 fxe6 13. Bf4 Rxf4 14. gxf4 Nc6 15. Qd3 Nd4 16. Ne2 b5 17. Ne3 c4 18. Qd1 Nxe2+ 19. Qxe2 Bxb2 20. Rab1 Bd4 21. Nxc4 Bc6 22. Qd2 e5 23. Na5 Bd7 24. Nb3 Bb6 25. a5 Bc7 26. fxe5 dxe5 27. Rfd1 Nf6 28. Qg5 Kg7 29. Nc5 Qe8 30. Nxd7 Nxd7 31. c4 Nf6 32. cxb5 axb5 33. Rdc1 Bxa5 34. Rc5 Bb6 35. Rxe5 Qf7 36. Rexb5 Bxf2+ 37. Kh1 Ra7 38. e5 Nd7 39. Rb7 Bb6 40. R1xb6 1-0

[Event "TUR-chT 2nd League"]
[Site "Konya"]
[Date "2017.07.20"]
[Round "5.11"]
[White "Ince, Ali Emre"]
[Black "Kara, Ali Barkin"]
[Result "0-1"]
[WhiteElo "1591"]
[BlackElo "1843"]
[PlyCount "108"]
[EventDate "2017.07.17"]
[EventType "team-swiss"]
[EventRounds "9"]
[EventCountry "TUR"]
[SourceTitle "CBM 179 Extra"]
[Source "ChessBase"]
[SourceDate "2017.08.23"]
[SourceVersion "1"]
[SourceVersionDate "2017.08.23"]
[SourceQuality "1"]
[WhiteTeam "Ordu Gul Bahcesi"]
[BlackTeam "Yalova Altinkale"]
[WhiteTeamCountry "TUR"]
[BlackTeamCountry "TUR"]

1. e4 c5 2. Nc3 a6 3. g3 b5 4. a3 Bb7 5. Bg2 e6 6. d3 d5 7. exd5 Nf6 8. Bg5 Be7 9. Nf3 Nxd5 10. Nxd5 Bxd5 11. Bxe7 Qxe7 12. 0-0 0-0 13. Re1 Qb7 14. Nh4 Bxg2 15. Nxg2 Nc6 16. Nh4 Rad8 17. Qf3 Qd7 18. Rac1 Nd4 19. Qg2 Qd5 20. Qxd5 Rxd5 21. Re3 Rc8 22. Nf3 Nf5 23. Re5 Rd6 24. Kg2 f6 25. Ree1 e5 26. Nd2 Rd4 27. Nf3 Rd7 28. Re2 a5 29. b3 Nd4 30. Re4 Kf7 31. h4 Ke6 32. Nxd4+ cxd4 33. f4 Rdc7 34. Re2 Rc3 35. fxe5 fxe5 36. Kh3 Rxd3 37. Rce1 Re3 38. Rxe3 dxe3 39. Rxe3 Rxc2 40. Kg4 Ra2 41. b4 axb4 42. axb4 Rb2 43. Ra3 Rxb4+ 44. Kf3 Ra4 45. Rb3 b4 46. Ke4 Kd6 47. g4 Kc5 48. Kxe5 Kc4 49. Rf3 b3 50. Rf7 b2 51. Rf4+ Kb3 52. Rf3+ Ka2 53. Rf2 Rxg4 54. Kf5 Rg1 0-1

[Event "TUR-chT 2nd League"]
[Site "Konya"]
[Date "2017.07.19"]
[Round "4.12"]
[White "Alaoglu, Niyazi Bekirhan"]
[Black "Kara, Ali Barkin"]
[Result "0-1"]
[WhiteElo "1704"]
[BlackElo "1843"]
[PlyCount "57"]
[EventDate "2017.07.17"]
[EventType "team-swiss"]
[EventRounds "9"]
[EventCountry "TUR"]
[SourceTitle "CBM 179 Extra"]
[Source "ChessBase"]
[SourceDate "2017.08.23"]
[SourceVersion "1"]
[SourceVersionDate "2017.08.23"]
[SourceQuality "1"]
[WhiteTeam "Bolu Koroglu"]
[BlackTeam "Yalova Altinkale"]
[WhiteTeamCountry "TUR"]
[BlackTeamCountry "TUR"]

1. d4 Nf6 2. Nd2 g6 3. Ngf3 Bg7 4. e4 d6 5. Bd3 0-0 6. 0-0 Nbd7 7. c3 e5 8. Re1 c6 9. Nf1 Nh5 10. Bg5 Qc7 11. Qd2 Re8 12. a4 Nf8 13. h3 Ne6 14. Be3 Nef4 15. Ng3 Nxd3 16. Nxh5 Nxe1 17. Rxe1 gxh5 18. Bh6 Re6 19. Bxg7 Kxg7 20. Nh4 Rg6 21. Nf5+ Kh8 22. dxe5 dxe5 23. Rd1 Be6 24. f4 Rag8 25. g4 hxg4 26. h4 Bxf5 27. exf5 Rf6 28. Qd3 exf4 29. Qd4 0-1

[Event "TUR Cup"]
[Site "Antalya"]
[Date "2017.02.02"]
[Round "9"]
[White "Pektas, Yigit"]
[Black "Kara, Ali Barkin"]
[Result "1-0"]
[WhiteElo "1933"]
[BlackElo "1694"]
[PlyCount "105"]
[EventDate "2017.01.28"]
[EventType "swiss"]
[EventRounds "11"]
[EventCountry "TUR"]
[SourceTitle "CBM 176 Extra"]
[Source "ChessBase"]
[SourceDate "2017.03.02"]
[SourceVersion "1"]
[SourceVersionDate "2017.03.02"]
[SourceQuality "1"]

1. d4 Nf6 2. Nf3 g6 3. c4 Bg7 4. Nc3 0-0 5. e4 d6 6. h3 Nbd7 7. Be2 e5 8. d5 Nc5 9. Bg5 h6 10. Bxf6 Bxf6 11. b4 Nd7 12. 0-0 Bg7 13. Nd2 f5 14. Rc1 f4 15. Nb3 Qg5 16. Kh2 Nf6 17. c5 Qh4 18. Nd2 Ne8 19. cxd6 cxd6 20. Bg4 Bxg4 21. Qxg4 Qxg4 22. hxg4 Nc7 23. Nc4 Rfd8 24. Na5 Na6 25. Rb1 Rd7 26. Rfc1 Bf6 27. Nb5 Bd8 28. Nc4 Be7 29. Rc3 Nc7 30. Nca3 Nxb5 31. Nxb5 Bd8 32. Rbc1 Bb6 33. f3 Kf7 34. g3 fxg3+ 35. Kxg3 g5 36. Rc8 Rxc8 37. Rxc8 a6 38. Na3 Rc7 39. Rxc7+ Bxc7 40. Nc2 Bb6 41. Na3 Ke7 42. b5 axb5 43. Nxb5 Kd7 44. Kg2 Bc5 45. Kf1 b6 46. Ke2 Bb4 47. Kd3 Be1 48. Kc4 Bf2 49. Na7 Be3 50. Kb5 Bd4 51. Ka6 Bc5 52. Kb7 Be3 53. Nc8 1-0